Normal view MARC view
  • DC TO DC CONVERTERS

Entry Topical Term

Number of records used in: 1

001 - CONTROL NUMBER

  • control field: 68620

003 - CONTROL NUMBER IDENTIFIER

  • control field: NUST

005 - DATE AND TIME OF LATEST TRANSACTION

  • control field: 20210628204057.0

008 - FIXED-LENGTH DATA ELEMENTS

  • fixed length control field: 210628|| aca||aabn | a|a d

040 ## - CATALOGING SOURCE

  • Original cataloging agency: NUST
  • Transcribing agency: NUST

150 ## - HEADING--TOPICAL TERM

  • Topical term or geographic name entry element: DC TO DC CONVERTERS

670 ## - SOURCE DATA FOUND

  • Source citation: Work cat.: (NUST): Luo, Fang Lin:Ye, Hong 68619, Advanced dc/dc converters, 2003
© 2023 Central Library, National University of Sciences and Technology. All Rights Reserved.